Iain M Banks Books Quiz Stats

 Plays Quiz not verified by Sporcle

Support Sporcle.
Go Orange.
Score 0/11 Timer 05:00
0 Plays Today
Year Published Book % Correct
1988The Player of Games
93%
1987Consider Phlebas
88.4%
1990Use of Weapons
83.7%
2008Matter
81.4%
2004The Algebraist
76.7%
1996Excession
74.4%
2000Look to Windward
72.1%
1998Inversions
69.8%
1989The State of the Art
62.8%
1993Against a Dark Background
60.5%
1994Feersum Endjinn
58.1%

You're not logged in!

Compare scores with friends on all Sporcle quizzes.
OR
Log In

From the Vault

South American Capital Search

by Fusty

Don't get lost in the jungle!
Remove Ads.
Support Sporcle.
Get the best of Sporcle when you Go Orange. This ad-free experience offers more features, more stats, and more fun while also helping to support Sporcle. Thank you for becoming a member.

Show Comments

Extras

Created Sep 23, 2009SourceReportNominate
Tags:Book Quiz, bank, iain, Published

Top Quizzes Today


Score Distribution

Your Account Isn't Verified!

In order to create a playlist on Sporcle, you need to verify the email address you used during registration. Go to your Sporcle Settings to finish the process.

Report this User

Report this user for behavior that violates our Community Guidelines.

Details: